| 000 | 00587nam a2200205 a 4500 | ||
|---|---|---|---|
| 001 | 000024083 | ||
| 005 | 20200930022713.0 | ||
| 008 | 110118s1995 pe r 000 | spa d | ||
| 020 | _a8483896206 | ||
| 040 |
_aDO-SdBNP _bspa _cBNPHU |
||
| 082 |
_axxx _bB982 |
||
| 100 | 1 |
_aOrtiz Caballero, René _949477 |
|
| 245 | 1 | 0 |
_aJosé Luis Bustamante y Rivero / _cRené Ortiz Caballero. |
| 260 |
_aLima : _bBrasa, _c1995. |
||
| 300 |
_a124 p. ; _c21 cm. |
||
| 490 | 1 |
_aForjadores del Perú _v20 |
|
| 500 | _aIncluye bibliografía | ||
| 830 | 0 |
_aForjadores del Perú _v20 _932959 |
|
| 049 | _aBNGR | ||
| 999 |
_c23578 _d23578 |
||